[Event "ICS rated blitz match"]
[Site "204.178.125.65"]
[Date "2000.11.30"]
[Round "?"]
[White "Hossa"]
[Black "PostModernist"]
[Result "0-1"]
[WhiteElo "2631"]
[BlackElo "2588"]
[PlyCount "158"]
[EventDate "2000.??.??"]

1. e4 c5 2. c3 d6 3. d4 Nf6 4. Bd3 Nc6 5. d5 Ne5 6. Bc2 e6 7. Ne2 Be7 8. f4 Nc4
9. b3 Nb6 10. c4 O-O 11. O-O e5 12. fxe5 dxe5 13. Na3 a6 14. Kh1 Qd6 15. Ng3
Bd7 16. Nf5 Bxf5 17. Rxf5 Rfe8 18. Bb2 Nbd7 19. Rf2 Nf8 20. Qf3 Ng6 21. Raf1
Qd7 22. Nb1 Bd6 23. Bd1 Rad8 24. Bc1 b5 25. Bg5 Be7 26. Nc3 b4 27. Na4 Qd6 28.
Bc2 Rb8 29. g3 Red8 30. Qf5 Rbc8 31. Bd3 Nf8 32. Kg1 h6 33. Bd2 N8d7 34. Be2
Rb8 35. Nb2 Ra8 36. Be3 Re8 37. Bf3 Rad8 38. Nd3 a5 39. Bg2 Ra8 40. Bh3 Qc7 41.
Qf3 Nb6 42. Bg2 a4 43. Bh3 axb3 44. axb3 Ra3 45. Nc1 Rea8 46. Rd2 Qd6 47. Bf5
Kh8 48. Rc2 Kg8 49. Rcf2 Rd8 50. Bh3 Rf8 51. Bg2 h5 52. h3 Rfa8 53. g4 hxg4 54.
hxg4 Rf8 55. g5 Nh7 56. Qh5 Nxc4 57. bxc4 Rxe3 58. Rxf7 Rg3 59. Rxf8+ Bxf8 60.
Qf7+ Kh8 61. Rf5 Rxg5 62. Nd3 Rxf5 63. Qxf5 b3 64. Nxe5 Qf6 65. Ng6+ Kg8 66.
Bh3 Ng5 67. Bg4 Nf3+ 68. Kh1 Nd4 69. Qh5 b2 70. Qh8+ Kf7 71. Qxf8+ Kxg6 72.
Qe8+ Kh7 73. Kg2 b1=Q 74. Qh5+ Qh6 75. Qxh6+ Kxh6 76. Kh2 Kg5 77. Bd7 Ne2 78.
e5 Qg1+ 79. Kh3 Nf4# {Hossa checkmated} 0-1

[Event "ICS rated blitz match"]
[Site "204.178.125.65"]
[Date "2000.11.30"]
[Round "?"]
[White "Hossa"]
[Black "Amateur"]
[Result "1-0"]
[WhiteElo "2613"]
[BlackElo "2533"]
[PlyCount "99"]
[EventDate "2000.??.??"]

1. d4 Nf6 2. c4 g6 3. Nc3 d5 4. Nf3 Bg7 5. Qb3 dxc4 6. Qxc4 O-O 7. e4 Nc6 8.
Be2 Na5 9. Qa4 b6 10. O-O Bd7 11. Qc2 Bg4 12. Be3 Nb7 13. Ba6 Bxf3 14. Bxb7 Rb8
15. Bc6 Bg4 16. e5 Nd7 17. Rfe1 Rc8 18. Rac1 Bf5 19. Qe2 a5 20. Nb5 Be6 21. Na7
Rb8 22. d5 Bf5 23. g4 Bxg4 24. Qxg4 Nxe5 25. Qe2 Kh8 26. Bf4 f6 27. Bd2 g5 28.
Bc3 Ng6 29. Nb5 Rg8 30. Qe4 Qc8 31. Nd4 Bf8 32. Re3 Ne5 33. Ne6 Nxc6 34. dxc6
a4 35. Rd1 Qe8 36. Rd7 Qh5 37. Rxc7 b5 38. Qf5 Qg6 39. Qxg6 Rxg6 40. Nxf8 Rxf8
41. Rexe7 Kg8 42. Rcd7 a3 43. c7 h6 44. Bxf6 axb2 45. Bxb2 h5 46. Bf6 g4 47.
Rh7 Rfxf6 48. c8=R+ Rf8 49. Rxf8+ Kxf8 50. Rd8# {Amateur checkmated} 1-0

[Event "ICS rated blitz match"]
[Site "204.178.125.65"]
[Date "2000.11.30"]
[Round "?"]
[White "CosmicJoke"]
[Black "Hossa"]
[Result "1-0"]
[WhiteElo "2734"]
[BlackElo "2656"]
[PlyCount "151"]
[EventDate "2000.??.??"]

1. e4 e5 2. Nf3 Nc6 3. Bb5 a6 4. Ba4 Nf6 5. O-O Be7 6. Re1 b5 7. Bb3 O-O 8. c3
d6 9. h3 Re8 10. d4 exd4 11. cxd4 d5 12. Nc3 dxe4 13. Ne5 Nxe5 14. dxe5 Qxd1
15. Rxd1 Nd7 16. e6 Ne5 17. Bf4 f6 18. Bxe5 fxe5 19. Nd5 Bd6 20. Nb6 Rb8 21.
Nxc8 Rbxc8 22. Rac1 g6 23. Re1 Kg7 24. Rxe4 Rcd8 25. Rc6 a5 26. a4 bxa4 27.
Rxa4 Re7 28. Re4 h6 29. Re2 g5 30. Kf1 a4 31. Ba2 Rb8 32. Rcc2 Kf6 33. Rc3 Rb4
34. g3 Rd4 35. Kg2 Rg7 36. Rf3+ Ke7 37. Rc2 e4 38. Rf5 c5 39. Bd5 h5 40. Bc4 h4
41. g4 Rd1 42. Bd5 Ra1 43. Re2 a3 44. bxa3 Rxa3 45. Rxe4 Rd3 46. Rf7+ Rxf7 47.
exf7+ Kd7 48. Be6+ Kc7 49. Re5 Bf8 50. Rxg5 Kd6 51. Ba2 Rd2 52. Rg6+ Kd7 53.
Ra6 Kc7 54. g5 Rd6 55. Ra5 Rb6 56. f4 Rb4 57. Kf3 Rd4 58. g6 Rd3+ 59. Kg4 Rg3+
60. Kf5 Kb8 61. Bd5 Kc7 62. Ra8 Be7 63. Ke6 Re3+ 64. Be4 Rxe4+ 65. Kf5 Rb4 66.
g7 Bd6 67. g8=Q Rxf4+ 68. Kg5 Kc6 69. Ra6+ Kb5 70. Rxd6 Rxf7 71. Qxf7 Kb4 72.
Qf2 Kb5 73. Qb2+ Kc4 74. Qb1 Kc3 75. Rd3+ Kc4 76. Qb3# {Hossa checkmated} 1-0

[Event "ICS rated blitz match"]
[Site "204.178.125.65"]
[Date "2000.11.30"]
[Round "?"]
[White "Hossa"]
[Black "CosmicJoke"]
[Result "0-1"]
[WhiteElo "2644"]
[BlackElo "2746"]
[PlyCount "132"]
[EventDate "2000.??.??"]

1. e4 e5 2. Nf3 Nc6 3. Bb5 a6 4. Ba4 Nf6 5. O-O Nxe4 6. d4 b5 7. Bb3 d5 8. dxe5
Be6 9. Nbd2 Nc5 10. c3 d4 11. Bxe6 Nxe6 12. cxd4 Ncxd4 13. a4 c5 14. Nxd4 cxd4
15. axb5 axb5 16. Rxa8 Qxa8 17. Nf3 Qd5 18. Qd3 Be7 19. Rd1 O-O 20. Be3 Rd8 21.
Bd2 Qc4 22. Qf5 d3 23. Rf1 g6 24. Qh3 Qc2 25. b4 h5 26. Qg3 Qb2 27. h3 Bxb4 28.
Bg5 Rd5 29. Bc1 Qe2 30. Qh4 d2 31. Bxd2 Bxd2 32. Qe7 Bf4 33. Qb4 Rd1 34. Rxd1
Qxd1+ 35. Qe1 Qxe1+ 36. Nxe1 b4 37. Nc2 b3 38. Na3 Bxe5 39. g3 h4 40. gxh4 Nf4
41. f3 Nxh3+ 42. Kf1 Bb2 43. Nb1 Bf6 44. Ke2 Bxh4 45. Kd2 Bf6 46. Na3 Ng5 47.
Ke3 b2 48. Nb1 Be7 49. Nc3 f5 50. Kf4 Kf7 51. Nb1 Kf6 52. Kg3 Bd6+ 53. Kf2 Ke5
54. Ke2 Kf4 55. Kd2 Nxf3+ 56. Kc2 Be5 57. Na3 g5 58. Nc4 g4 59. Nxb2 Bxb2 60.
Kb3 g3 61. Kc4 g2 62. Kd5 g1=Q 63. Kc6 Qa7 64. Kd5 Ne5 65. Ke6 Bd4 66. Kd5 Qd7#
{Hossa checkmated} 0-1

[Event "ICS rated blitz match"]
[Site "204.178.125.65"]
[Date "2000.11.30"]
[Round "?"]
[White "Amateur"]
[Black "Hossa"]
[Result "1-0"]
[WhiteElo "2521"]
[BlackElo "2633"]
[PlyCount "83"]
[EventDate "2000.??.??"]

1. e4 e5 2. Nf3 Nc6 3. Bb5 a6 4. Ba4 Nf6 5. O-O Nxe4 6. d4 b5 7. Bb3 d5 8. dxe5
Be6 9. Nbd2 Nc5 10. c3 d4 11. Bxe6 Nxe6 12. cxd4 Ncxd4 13. a4 c5 14. Nb3 Nxb3
15. Qxb3 c4 16. Qa2 Qb8 17. Bd2 Bc5 18. axb5 Qxb5 19. Rfc1 Qb6 20. Qa4+ Kf8 21.
Rxc4 Bxf2+ 22. Kh1 Kg8 23. Rf1 Qa7 24. Rc6 Bb6 25. Qc4 Bd8 26. b3 a5 27. Bc3
Qd7 28. Rd6 Qc8 29. Rc6 Qd7 30. Nd4 Nxd4 31. Bxd4 a4 32. e6 Qe7 33. exf7+ Kf8
34. Bxg7+ Kxg7 35. Qc3+ Qf6 36. Rcxf6 Kf8 37. Rd6 Bf6 38. Qxf6 Rg8 39. Rd8+
Rxd8 40. Qxd8+ Kg7 41. fxg8=Q+ Kh6 42. Qgg5# {Hossa checkmated} 1-0

[Event "ICS rated blitz match"]
[Site "204.178.125.65"]
[Date "2000.11.30"]
[Round "?"]
[White "Hossa"]
[Black "Amateur"]
[Result "0-1"]
[WhiteElo "2612"]
[BlackElo "2542"]
[PlyCount "124"]
[EventDate "2000.??.??"]

1. c4 Nf6 2. Nc3 Nc6 3. d4 e6 4. Nf3 Bb4 5. a3 Bxc3+ 6. bxc3 d5 7. e3 O-O 8. a4
Re8 9. cxd5 exd5 10. Ba3 Ne4 11. Qc2 Qf6 12. Rb1 Qg6 13. Rd1 Kh8 14. h3 Rb8 15.
Rg1 Qf6 16. Be2 Ng5 17. Nxg5 Qxg5 18. g4 Qh4 19. Rg3 Bd7 20. Rb1 Na5 21. g5
Bxh3 22. Rb5 Nc4 23. Bxc4 dxc4 24. g6 fxg6 25. Qe2 Be6 26. Qf3 Bf5 27. Ra5 a6
28. Qd5 Bd3 29. Qg2 Qf6 30. Rh3 Bf5 31. Rh2 Qb6 32. Bb4 Qf6 33. Ba3 Re4 34. Rc5
Qf8 35. Bc1 Qf7 36. Qf1 b5 37. f3 Ree8 38. axb5 axb5 39. e4 Rb6 40. Re5 Rxe5
41. dxe5 Bd7 42. f4 b4 43. cxb4 Rxb4 44. Qf2 c3 45. Qe3 Qc4 46. Rc2 Bb5 47. Kf2
Rb3 48. Qh3 Ba6 49. Qd7 h6 50. Ke3 Qf1 51. Qd8+ Kh7 52. Qd7 c5 53. Qd5 Bc4 54.
Qxc5 Qd3+ 55. Kf2 Qxc2+ 56. Kg3 Qxc1 57. Qf2 c2+ 58. Kh2 Qd1 59. Qg3 c1=Q 60.
Qxg6+ Kxg6 61. f5+ Kg5 62. e6 Qcc2# {Hossa checkmated} 0-1

[Event "ICS rated blitz match"]
[Site "204.178.125.65"]
[Date "2000.11.30"]
[Round "?"]
[White "ChesterX"]
[Black "Hossa"]
[Result "1-0"]
[WhiteElo "2567"]
[BlackElo "2593"]
[PlyCount "77"]
[EventDate "2000.??.??"]

1. e4 c5 2. Nf3 d6 3. d4 Nf6 4. Nc3 cxd4 5. Nxd4 a6 6. Bg5 e6 7. f4 Be7 8. Qf3
Nbd7 9. O-O-O Qc7 10. Bd3 Nc5 11. g4 Nxd3+ 12. Rxd3 O-O 13. h4 Bd7 14. Bxf6
Bxf6 15. g5 Bxd4 16. Rxd4 Bc6 17. Rhd1 b5 18. h5 b4 19. Rxb4 Rab8 20. Rbd4 Qb6
21. b3 Qc5 22. Rxd6 Qa3+ 23. Kb1 Rbc8 24. h6 gxh6 25. gxh6 Kh8 26. Qg3 Rg8 27.
Rd8 Qf8 28. Qh4 f6 29. Rxc8 Qe7 30. Rxc6 Rf8 31. Qg3 a5 32. Rg1 Rd8 33. Rxe6
Qf7 34. Qg7+ Qxg7 35. Rxg7 Rb8 36. Ree7 f5 37. Rxh7+ Kg8 38. Reg7+ Kf8 39. Rh8#
{Hossa checkmated} 1-0

[Event "ICS rated blitz match"]
[Site "204.178.125.65"]
[Date "2000.11.30"]
[Round "?"]
[White "Hossa"]
[Black "PostModernist"]
[Result "0-1"]
[WhiteElo "2576"]
[BlackElo "2597"]
[PlyCount "156"]
[EventDate "2000.??.??"]

1. e4 e6 2. d4 d5 3. Nd2 c5 4. exd5 exd5 5. Ngf3 a6 6. Be2 c4 7. O-O Nc6 8. Re1
Be7 9. b3 cxb3 10. Nxb3 Nf6 11. c4 O-O 12. cxd5 Nxd5 13. Bd2 Bf5 14. Nc5 Bxc5
15. dxc5 Qd7 16. Qb3 a5 17. Bb5 Nc7 18. Ba4 Ne6 19. Be3 Rfd8 20. Qb2 Qe7 21.
Bb3 Bg4 22. Bg5 Qxc5 23. Bxd8 Rxd8 24. Ne5 Nxe5 25. Qxe5 b6 26. h3 Bf5 27. g4
Bg6 28. Bxe6 fxe6 29. Qxc5 bxc5 30. Rxe6 c4 31. Ra6 c3 32. Rxa5 c2 33. Re5 h5
34. Kg2 Rd4 35. f3 Bf7 36. a3 hxg4 37. hxg4 Rd1 38. Re1 Bb3 39. Kf2 Kf7 40. Ke3
Kf6 41. Rh1 Ke6 42. f4 Ba4 43. Rc1 Kd5 44. f5 Rd4 45. Kf3 Kc4 46. Rhg1 Kb3 47.
Ke3 Rd6 48. g5 Kb2 49. f6 gxf6 50. g6 Rd1 51. g7 Kxc1 52. g8=Q Kb1 53. Qb8+ Ka1
54. Kf2 Rxg1 55. Qf4 c1=Q 56. Qxf6+ Ka2 57. Qe6+ Bb3 58. Qe2+ Kxa3 59. Qe7+ Ka4
60. Qa7+ Kb5 61. Qb7+ Kc5 62. Qa7+ Kd6 63. Qb8+ Ke7 64. Qb4+ Kf6 65. Qf8+ Bf7
66. Qd6+ Kf5 67. Qd7+ Ke5 68. Qb5+ Kf6 69. Qb6+ Kg5 70. Qb5+ Kh6 71. Qa6+ Rg6
72. Qd3 Qf4+ 73. Qf3 Qd2+ 74. Qe2 Rg2+ 75. Kxg2 Qxe2+ 76. Kg3 Qf1 77. Kh2 Qf2+
78. Kh3 Be6# {Hossa checkmated} 0-1

[Event "ICS rated blitz match"]
[Site "204.178.125.65"]
[Date "2000.11.30"]
[Round "?"]
[White "Amateur"]
[Black "Hossa"]
[Result "0-1"]
[WhiteElo "2561"]
[BlackElo "2561"]
[PlyCount "152"]
[EventDate "2000.??.??"]

1. e4 c5 2. Nf3 d6 3. d4 cxd4 4. Nxd4 Nf6 5. Nc3 Nc6 6. Be2 g6 7. O-O Bg7 8.
Nb3 O-O 9. Bg5 Be6 10. Qd2 Ne5 11. Bxf6 Bxf6 12. Nd5 Bxd5 13. Qxd5 Qb6 14. Rad1
a5 15. a4 Rfc8 16. c3 e6 17. Qb5 Qc7 18. Rd2 Ra6 19. Nd4 Rd8 20. Qb3 Rb6 21.
Qc2 Nc4 22. Nb5 Rxb5 23. Bxc4 Re5 24. Bb5 d5 25. exd5 Rh5 26. h3 Rhxd5 27. Rfd1
Qe5 28. Rxd5 Rxd5 29. Qc1 Be7 30. Rxd5 Qxd5 31. g3 Bc5 32. Qf4 Kg7 33. b4 Bd6
34. Qg4 axb4 35. cxb4 b6 36. Bf1 h5 37. Qh4 Qd2 38. Bb5 Bxb4 39. Kg2 Bc5 40. g4
hxg4 41. hxg4 Qd5+ 42. Kg1 f6 43. Qh3 Qe4 44. Qg3 e5 45. Kf1 Qh1+ 46. Ke2 Bb4
47. f3 Qc1 48. Qf2 Bc5 49. Qg3 Qc2+ 50. Ke1 Be3 51. Kf1 Qd1+ 52. Kg2 Qg1+ 53.
Kh3 Qh1+ 54. Qh2 Qxf3+ 55. Qg3 Qh1+ 56. Qh2 Qc1 57. Qg2 Bf4 58. Qb7+ Kh6 59.
Be2 Qc2 60. Qa8 Kg5 61. Qg2 e4 62. Qf2 Qb3+ 63. Kg2 e3 64. Qe1 Qxa4 65. Kh3 Kh6
66. Qh1 Qa2 67. Qe4 Kg5 68. Qf3 Qd2 69. Kg2 b5 70. Kf1 b4 71. Qb7 Qc1+ 72. Kg2
Qe1 73. Qb5+ f5 74. Qxf5+ gxf5 75. Bf3 Qf2+ 76. Kh1 Qh2# {Amateur checkmated}
0-1

[Event "ICS rated blitz match"]
[Site "204.178.125.65"]
[Date "2000.11.30"]
[Round "?"]
[White "Hossa"]
[Black "PostModernist"]
[Result "0-1"]
[WhiteElo "2577"]
[BlackElo "2596"]
[PlyCount "114"]
[EventDate "2000.??.??"]

1. c4 e5 2. g3 Nc6 3. Nc3 f5 4. Bg2 g6 5. d3 Nf6 6. Nh3 Bg7 7. f4 d6 8. fxe5
dxe5 9. O-O Bd7 10. Bd2 Qe7 11. Nd5 Qd6 12. Qb3 O-O-O 13. e3 h6 14. Nf2 h5 15.
Qc2 h4 16. g4 Nxg4 17. Nxg4 fxg4 18. Rf7 Rdg8 19. Ba5 h3 20. Be4 Nxa5 21. Ne7+
Kd8 22. c5 Qxe7 23. Rxe7 Kxe7 24. b4 Nc6 25. b5 Nd8 26. c6 bxc6 27. Qc5+ Kf6
28. Rf1+ Bf5 29. bxc6 Ne6 30. Qc4 Bh6 31. Kf2 Rb8 32. Qc3 Rhd8 33. Qa3 Bf8 34.
Qc3 Bb4 35. Qc4 Bc5 36. Qc3 Rb6 37. Ke2 Rdb8 38. d4 exd4 39. exd4 Bxd4 40. Qd3
Rb2+ 41. Kd1 Rxa2 42. Bxf5 Ra1+ 43. Qb1 gxf5 44. Rxf5+ Ke7 45. Qxa1 Bxa1 46.
Kd2 Rb2+ 47. Kd3 Rxh2 48. Ke4 Rh1 49. Ke3 Bd4+ 50. Kd3 h2 51. Kd2 Rd1+ 52. Kxd1
h1=Q+ 53. Ke2 Qe4+ 54. Kd1 Qxf5 55. Kd2 Nf4 56. Kc1 Bc3 57. Kd1 Qb1# {
Hossa checkmated} 0-1

[Event "ICS rated bullet match"]
[Site "204.178.125.65"]
[Date "2000.11.30"]
[Round "?"]
[White "champman"]
[Black "Hossa"]
[Result "0-1"]
[WhiteElo "2125"]
[BlackElo "2607"]
[PlyCount "56"]
[EventDate "2000.??.??"]

1. e4 e6 2. d4 d5 3. exd5 exd5 4. c3 Bd6 5. Nf3 Nf6 6. Bd3 O-O 7. O-O Re8 8.
Re1 Bg4 9. Rxe8+ Qxe8 10. Qe1 Nc6 11. Bg5 Bxf3 12. Qxe8+ Rxe8 13. gxf3 Nh5 14.
Nd2 Bf4 15. Bxf4 Nxf4 16. Bf1 a6 17. Nb3 g5 18. Nc5 Nd8 19. Nd3 Nde6 20. Nxf4
Nxf4 21. Rd1 f5 22. Rd2 Re1 23. a3 Kf7 24. b3 Rb1 25. b4 Rc1 26. c4 dxc4 27. d5
c3 28. Rd4 Ne2+ {champman resigns} 0-1

[Event "ICS rated blitz match"]
[Site "204.178.125.65"]
[Date "2000.11.30"]
[Round "?"]
[White "CosmicJoke"]
[Black "Hossa"]
[Result "1-0"]
[WhiteElo "2742"]
[BlackElo "2562"]
[PlyCount "225"]
[EventDate "2000.??.??"]

1. e4 e6 2. d4 d5 3. Nd2 c5 4. Ngf3 Nf6 5. exd5 exd5 6. Bb5+ Bd7 7. Bxd7+ Nbxd7
8. O-O Be7 9. dxc5 Nxc5 10. Nd4 O-O 11. Re1 Re8 12. N2b3 Nxb3 13. axb3 Bd6 14.
Rxe8+ Qxe8 15. c3 Bc5 16. Bg5 Ne4 17. Bf4 Qe7 18. f3 Nd6 19. Kh1 Qf6 20. Bxd6
Qxd6 21. b4 Bxd4 22. Qxd4 a6 23. Re1 f6 24. c4 Qxb4 25. Qxd5+ Kf8 26. Re2 Rc8
27. b3 b5 28. Qd7 Rb8 29. h3 bxc4 30. bxc4 Ra8 31. Qc6 Qb1+ 32. Kh2 Qb8+ 33.
Kg1 Qd8 34. Re4 a5 35. Qc5+ Kf7 36. Rd4 Qc8 37. Qd5+ Kf8 38. c5 Ra6 39. Rh4 h6
40. Ra4 g5 41. h4 Qe8 42. Re4 Qc8 43. f4 gxh4 44. Qh5 f5 45. Re5 Rf6 46. Qxh4
Qc6 47. Qh3 Qd7 48. Qc3 Kg7 49. Re3 Kg6 50. Rg3+ Kf7 51. Kh2 a4 52. Qc4+ Re6
53. Re3 Kf6 54. Rxe6+ Qxe6 55. Qxa4 Kg6 56. Qc2 Qe3 57. g3 h5 58. c6 h4 59. Qg2
Kh7 60. gxh4 Qxf4+ 61. Kh3 Qe3+ 62. Qg3 Qe4 63. Qc3 Qh1+ 64. Kg3 Qg1+ 65. Kf3
Qg4+ 66. Kf2 Qxh4+ 67. Qg3 Qd4+ 68. Qe3 Qh4+ 69. Kg1 Qf6 70. Qa7+ Kg6 71. c7
Qg5+ 72. Kh1 Qh4+ 73. Kg2 Qe4+ 74. Kf1 Qd3+ 75. Kg1 Qg3+ 76. Kf1 Qd3+ 77. Kf2
Qc2+ 78. Ke3 Kg5 79. Qa5 Qe4+ 80. Kd2 Qd4+ 81. Kc2 Qc4+ 82. Kb2 Qe2+ 83. Kb3
Qe6+ 84. Kb4 Kf6 85. Kb5 Ke7 86. Qa6 Qe5+ 87. Kb6 Qe3+ 88. Kb7 Qb3+ 89. Ka7
Qe3+ 90. Qb6 Qc3 91. Kb7 Qf3+ 92. Kb8 Qf4 93. Qc5+ Kf7 94. Qc3 Qd6 95. Qc4+ Kg6
96. Kb7 Qe7 97. Kb6 Qe3+ 98. Qc5 Qb3+ 99. Kc6 Qa4+ 100. Kd6 Qd1+ 101. Ke7 Qh1
102. c8=Q Qh7+ 103. Kd6 Qh2+ 104. Qe5 Qd2+ 105. Ke7 Qb4+ 106. Qd6+ Qxd6+ 107.
Kxd6 Kg5 108. Ke5 Kg4 109. Qc3 f4 110. Ke4 Kg5 111. Qg7+ Kh5 112. Kxf4 Kh4 113.
Qh6# {Hossa checkmated} 1-0

[Event "ICS rated blitz match"]
[Site "204.178.125.65"]
[Date "2000.11.30"]
[Round "?"]
[White "PostModernist"]
[Black "Hossa"]
[Result "1/2-1/2"]
[WhiteElo "2611"]
[BlackElo "2554"]
[PlyCount "173"]
[EventDate "2000.??.??"]

1. d4 e6 2. c4 Nf6 3. Nf3 c5 4. e3 cxd4 5. exd4 d5 6. Nc3 Nc6 7. a3 Be7 8. Bd3
dxc4 9. Bxc4 O-O 10. O-O Bd7 11. Bf4 Rc8 12. Qd3 Na5 13. Ba2 Nh5 14. Bd2 Qc7
15. Ne5 Nf6 16. Bf4 Nh5 17. Be3 Rfd8 18. Nxd7 Qxd7 19. d5 Bd6 20. Bxa7 Nf4 21.
Qb5 Qxb5 22. Nxb5 Nc4 23. dxe6 Ne2+ 24. Kh1 Be7 25. exf7+ Kf8 26. b4 Rd2 27.
Be3 Nxe3 28. fxe3 Bf6 29. Nd4 Nxd4 30. exd4 Bxd4 31. Be6 Rcc2 32. Rac1 Rxg2 33.
Rxc2 Rxc2 34. Rd1 Bb6 35. Bd5 Be3 36. Bb3 Rc1 37. Rxc1 Bxc1 38. a4 Bd2 39. b5
h5 40. Kg2 b6 41. Kf3 g5 42. h3 Ke7 43. Bd5 Kf8 44. Bc4 Be1 45. Bb3 Bd2 46. Bd5
Ke7 47. Bc4 Kf8 48. Be6 Ke7 49. Ba2 Be1 50. Ke2 Bb4 51. Ke3 Bd6 52. Kf3 Bc7 53.
Bb3 Kf8 54. Be6 Ke7 55. Bd5 Kf8 56. Bb3 Ke7 57. Be6 Kf8 58. Bd5 Kg7 59. Ba2 Kf8
60. Bc4 Ke7 61. Kf2 g4 62. Kg2 Kf8 63. Bd5 Ke7 64. Bb3 Kf8 65. Bc4 Ke7 66. Bd5
Kf8 67. Be6 Ke7 68. h4 Kf8 69. Bc4 Bd8 70. Kg3 Bc7+ 71. Kf2 Bd8 72. Bd5 Bxh4+
73. Ke3 Bg5+ 74. Ke4 Bd2 75. Kd3 Be1 76. Ke2 Bb4 77. Ke3 h4 78. Kf4 g3 79. Kg4
Be1 80. Kh3 Bf2 81. Be6 Bc5 82. Bc4 Kg7 83. Bd5 Bf2 84. Bc4 Bc5 85. Bd5 Bf2 86.
Bc4 Bc5 87. Bd5 {Game drawn by repetition} 1/2-1/2

[Event "ICS rated blitz match"]
[Site "204.178.125.65"]
[Date "2000.11.30"]
[Round "?"]
[White "Hossa"]
[Black "PostModernist"]
[Result "1/2-1/2"]
[WhiteElo "2557"]
[BlackElo "2608"]
[PlyCount "240"]
[EventDate "2000.??.??"]

1. e4 e6 2. d4 d5 3. Nd2 c5 4. Ngf3 Nf6 5. exd5 Nxd5 6. dxc5 Bxc5 7. Ne4 Be7 8.
Bd3 Nc6 9. c3 O-O 10. Ng3 Qd6 11. O-O Rd8 12. Qc2 f5 13. Bc4 a6 14. Qe2 b5 15.
Bb3 Bb7 16. Bg5 Ne5 17. Nxf5 exf5 18. Bxe7 Nxf3+ 19. gxf3 Qg6+ 20. Kh1 Rd7 21.
Rg1 Qe8 22. Qe6+ Kh8 23. Rxg7 Rxe7 24. Rxe7 Qxe7 25. Bxd5 Qxe6 26. Bxe6 Re8 27.
Bxf5 Bxf3+ 28. Kg1 Rg8+ 29. Kf1 Rg2 30. Re1 Rxh2 31. Re8+ Kg7 32. Re7+ Kg8 33.
Be6+ Kh8 34. Ke1 Rh5 35. Bb3 Rh1+ 36. Kd2 Rf1 37. Ra7 Rxf2+ 38. Ke3 Rf1 39.
Rxa6 Bh1 40. Rb6 Rf5 41. Rb8+ Kg7 42. Rg8+ Kh6 43. c4 Bc6 44. Kd3 Rg5 45. cxb5
Rxb5 46. Ba4 Be4+ 47. Kxe4 Rb4+ 48. Kd3 Rxa4 49. a3 Kh5 50. Rg2 h6 51. Rg1 Kh4
52. Rh1+ Kg5 53. Ra1 h5 54. b3 Ra7 55. Ke4 h4 56. Rg1+ Kh5 57. a4 h3 58. Kf3
Rb7 59. Rb1 Kh4 60. Kf2 Rg7 61. Rd1 Rg2+ 62. Kf1 Rg3 63. Rd4+ Kg5 64. Rd5+ Kf4
65. Rd4+ Kf5 66. Kf2 Rxb3 67. a5 Kf6 68. a6 Ra3 69. a7 Rxa7 70. Rf4+ Kg5 71.
Rf3 Kg4 72. Rg3+ Kh4 73. Rf3 Ra2+ 74. Kg1 Rg2+ 75. Kh1 Rb2 76. Rf4+ Kg3 77. Rf1
Rh2+ 78. Kg1 Rg2+ 79. Kh1 Ra2 80. Rg1+ Kf4 81. Rf1+ Kg4 82. Rg1+ Kf3 83. Rf1+
Ke3 84. Re1+ Kd4 85. Rd1+ Ke4 86. Re1+ Kf5 87. Rf1+ Kg5 88. Rg1+ Kh5 89. Rf1
Kh4 90. Rf4+ Kg3 91. Rf1 Re2 92. Rd1 Rh2+ 93. Kg1 Rg2+ 94. Kh1 Rc2 95. Rd3+ Kg4
96. Rd4+ Kg5 97. Rd5+ Kh4 98. Re5 Kg3 99. Rg5+ Kf3 100. Rf5+ Kg4 101. Rf1 Rd2
102. Rg1+ Kh4 103. Rf1 Rc2 104. Rf4+ Kg3 105. Rf1 Rc4 106. Rg1+ Kh4 107. Rf1
Re4 108. Rg1 Re2 109. Rf1 Kg4 110. Rg1+ Kf4 111. Rf1+ Kg5 112. Rg1+ Kh5 113.
Rf1 Rd2 114. Rf5+ Kg4 115. Rf1 Kg3 116. Re1 Rh2+ 117. Kg1 Rg2+ 118. Kh1 Rd2
119. Re3+ Kg4 120. Re4+ Kg5 {Game drawn by the 50 move rule} 1/2-1/2

[Event "ICS rated bullet match"]
[Site "204.178.125.65"]
[Date "2000.11.30"]
[Round "?"]
[White "Hossa"]
[Black "repla"]
[Result "1-0"]
[WhiteElo "2609"]
[BlackElo "2138"]
[PlyCount "53"]
[EventDate "2000.??.??"]

1. e4 c5 2. Nf3 e6 3. d4 cxd4 4. Nxd4 Qb6 5. Nb3 Qc7 6. Nc3 Nc6 7. Bd3 a6 8.
O-O Nge7 9. Bg5 Ng6 10. Qd2 Bd6 11. f4 h6 12. e5 hxg5 13. exd6 Qb6+ 14. Rf2
gxf4 15. Bxg6 fxg6 16. Qxf4 Kd8 17. Qg5+ Ke8 18. Qxg6+ Kd8 19. Qg5+ Ke8 20.
Qxg7 Qxf2+ 21. Kxf2 Rf8+ 22. Ke3 Rf7 23. Qg8+ Rf8 24. Qg6+ Kd8 25. Rf1 Rxf1 26.
Qg8+ Rf8 27. Qxf8# {repla checkmated} 1-0

[Event "ICS rated bullet match"]
[Site "204.178.125.65"]
[Date "2000.11.30"]
[Round "?"]
[White "Hossa"]
[Black "Crypton"]
[Result "1-0"]
[WhiteElo "2611"]
[BlackElo "1987"]
[PlyCount "81"]
[EventDate "2000.??.??"]

1. e4 d6 2. d4 e5 3. dxe5 dxe5 4. Qxd8+ Kxd8 5. Bc4 Be6 6. Bxe6 fxe6 7. Be3 Nc6
8. Nc3 Nd4 9. O-O-O c5 10. Nf3 Bd6 11. Ng5 Ke7 12. f3 h6 13. Nh3 a6 14. Na4 Rd8
15. Rd2 Bc7 16. Nxc5 Nf6 17. Nxb7 Rb8 18. Nc5 Ba5 19. c3 Nb5 20. Nxa6 Rb6 21.
Bxb6 Bxb6 22. Kc2 Rc8 23. a4 Nd4+ 24. Kb1 Nb3 25. Rd3 Nc5 26. Nxc5 Bxc5 27. b4
Ba7 28. Kc2 g5 29. g4 h5 30. gxh5 Nxh5 31. Nxg5 Nf4 32. Rhd1 Kf6 33. Nh7+ Kg6
34. Rd8 Rxd8 35. Rxd8 Kxh7 36. Rd7+ Kg6 37. Rxa7 Ng2 38. Kd2 Kg5 39. Rg7+ Kf4
40. Ke2 Nh4 41. Rg4# {Crypton checkmated} 1-0

[Event "ICS rated bullet match"]
[Site "204.178.125.65"]
[Date "2000.11.30"]
[Round "?"]
[White "Crypton"]
[Black "Hossa"]
[Result "0-1"]
[WhiteElo "1986"]
[BlackElo "2612"]
[PlyCount "90"]
[EventDate "2000.??.??"]

1. e4 c5 2. f4 e5 3. d3 exf4 4. Bxf4 Ne7 5. Nf3 d5 6. exd5 Nxd5 7. Bd2 Qe7+ 8.
Qe2 Nc6 9. Nc3 Ndb4 10. Qxe7+ Bxe7 11. O-O-O Nd4 12. Nxd4 cxd4 13. Nb5 O-O 14.
Bxb4 Bxb4 15. a3 Bc5 16. c3 Bg4 17. Re1 dxc3 18. Nxc3 Rfe8 19. Rxe8+ Rxe8 20.
h3 Be6 21. g4 f5 22. gxf5 Bxf5 23. Kc2 Bd4 24. Bg2 Re3 25. Rd1 Bxh3 26. Bxh3
Rxh3 27. Nb5 Rh2+ 28. Kb3 Rxb2+ 29. Kc4 Bb6 30. d4 g5 31. d5 h5 32. d6 Rc2+ 33.
Kb3 Rc5 34. d7 Rxb5+ 35. Kc4 Rc5+ 36. Kb4 a5+ 37. Kb3 Bd8 38. a4 Kf7 39. Rh1 h4
40. Rg1 Ke7 41. Rf1 Kxd7 42. Rf7+ Be7 43. Rg7 Ke6 44. Rh7 g4 45. Rxh4 Bxh4 {
Crypton resigns} 0-1

[Event "ICS rated bullet match"]
[Site "204.178.125.65"]
[Date "2000.11.30"]
[Round "?"]
[White "Hossa"]
[Black "Crypton"]
[Result "1-0"]
[WhiteElo "2613"]
[BlackElo "1985"]
[PlyCount "37"]
[EventDate "2000.??.??"]

1. e4 c5 2. Nf3 e6 3. d4 d5 4. exd5 exd5 5. Bb5+ Bd7 6. Bxd7+ Qxd7 7. O-O Nf6
8. Re1+ Be7 9. Bg5 O-O 10. dxc5 Nc6 11. Nc3 Rad8 12. Ne5 Nxe5 13. Rxe5 Bxc5 14.
Bxf6 gxf6 15. Rxd5 Qc7 16. Qh5 Kh8 17. Rxc5 Qf4 18. Rf5 Qd4 19. Rd1 {
Crypton resigns} 1-0

[Event "ICS rated bullet match"]
[Site "204.178.125.65"]
[Date "2000.11.30"]
[Round "?"]
[White "Crypton"]
[Black "Hossa"]
[Result "0-1"]
[WhiteElo "1984"]
[BlackElo "2614"]
[PlyCount "68"]
[EventDate "2000.??.??"]

1. e4 c5 2. d3 e6 3. f4 d5 4. Nf3 dxe4 5. dxe4 Qxd1+ 6. Kxd1 Be7 7. Bd3 Nf6 8.
Nc3 O-O 9. Re1 Ng4 10. h3 Nf2+ 11. Ke2 Nxd3 12. cxd3 Nc6 13. Be3 Rd8 14. Rad1
b6 15. Rd2 Ba6 16. Red1 Bf6 17. g3 Rd7 18. Ne1 Rad8 19. g4 Nb4 20. g5 Be7 21.
f5 exf5 22. exf5 Bd6 23. g6 fxg6 24. fxg6 hxg6 25. a3 Nc6 26. Ne4 Bc7 27. Kf3
Re8 28. Ng5 Rd5 29. Ne4 Rh5 30. Rh2 Bxh2 31. Rd2 Rxh3+ 32. Kg4 Bc8+ 33. Kg5
Re5+ 34. Kxg6 Ne7# {Crypton checkmated} 0-1

[Event "ICS rated bullet match"]
[Site "204.178.125.65"]
[Date "2000.11.30"]
[Round "?"]
[White "Crypton"]
[Black "Hossa"]
[Result "0-1"]
[WhiteElo "1982"]
[BlackElo "2616"]
[PlyCount "60"]
[EventDate "2000.??.??"]

1. e4 c5 2. Nc3 Nc6 3. d3 g6 4. f4 Bg7 5. Nf3 Nf6 6. Bd2 d5 7. e5 Ng4 8. h3 d4
9. Ne4 Ne3 10. Bxe3 dxe3 11. Qe2 Nd4 12. Qd1 Qb6 13. Be2 Qxb2 14. Rc1 Bh6 15.
g3 Qxa2 16. Nxc5 Qa5+ 17. Kf1 Nxe2 18. Qxe2 Qxc5 19. d4 Qc3 20. Rd1 Bf5 21. g4
Bxc2 22. Rc1 Rc8 23. Ne1 Qxd4 24. Rxc2 Qxf4+ 25. Nf3 Rxc2 26. Qxc2 Qxf3+ 27.
Ke1 Qxh1+ 28. Ke2 Qh2+ 29. Kd3 Qxc2+ 30. Kxc2 Kd7 {Crypton resigns} 0-1

[Event "ICS rated bullet match"]
[Site "204.178.125.65"]
[Date "2000.11.30"]
[Round "?"]
[White "Hossa"]
[Black "Crypton"]
[Result "1-0"]
[WhiteElo "2617"]
[BlackElo "1981"]
[PlyCount "59"]
[EventDate "2000.??.??"]

1. e4 g6 2. d4 Bg7 3. c4 e6 4. Nc3 b6 5. Nf3 Bb7 6. Bd3 Ne7 7. Bf4 O-O 8. O-O
d6 9. Qd2 Nd7 10. Bh6 c5 11. Bxg7 Kxg7 12. d5 e5 13. Bc2 f5 14. Ng5 Rf6 15.
Ne6+ Rxe6 16. dxe6 Nf8 17. exf5 Nxf5 18. Bxf5 gxf5 19. Rfd1 Nxe6 20. Qxd6 Qxd6
21. Rxd6 Kf6 22. Nd5+ Bxd5 23. cxd5 Re8 24. dxe6 Rxe6 25. Rd7 e4 26. Rxh7 e3
27. fxe3 Rxe3 28. Kf2 f4 29. Rd1 Re4 30. Rd6+ {Crypton resigns} 1-0